000 00629cam a22002173a 4500
001 41320
003 PGUSA
005 20140828083930.0
008 121108s2012||||xxu|||||s|||||000 | eng d
040 _aPGUSA
_beng
042 _adc
100 1 _aLeppin, Paul
245 1 0 _aSeverins Gang in die Finsternis :
_bEin Prager Gespensterroman
_h[electronic resource] /
_cPaul Leppin
260 _bProject Gutenberg,
_c2012
506 _aPublic domain in the USA.
516 _aElectronic text
700 1 _aTeschner, Richard
830 0 _aProject Gutenberg
_v41320
856 4 0 _uhttp://www.gutenberg.org/ebooks/41320
942 _cEB
999 _c270572
_d270572